Devinez la Capitale Mystère #106 - Statistiques

Statistiques générales
  • Ce quiz a été pris 109 fois
  • Le résultat moyen est 26 sur 33
Statistiques - réponses
Type de Réponse Réponse % Correct
Lettre Trouvée A
100%
Lettre de l'Alphabet I
100%
Lettre de l'Alphabet E
99%
Lettre de l'Alphabet R
99%
Lettre de l'Alphabet S
99%
Lettre Trouvée N
98%
Lettre de l'Alphabet B
96%
Lettre de l'Alphabet O
96%
Lettre Trouvée D
94%
Lettre Trouvée L
94%
Lettre de l'Alphabet M
94%
Lettre de l'Alphabet P
94%
Lettre Trouvée U
88%
Lettre de l'Alphabet C
87%
Lettre Bien Placée L
87%
Lettre de l'Alphabet T
87%
Lettre de l'Alphabet G
86%
Lettre Bien Placée A
82%
Lettre de l'Alphabet H
80%
Lettre de l'Alphabet K
76%
Lettre de l'Alphabet W
76%
Lettre de l'Alphabet V
69%
Lettre Bien Placée U
68%
Lettre de l'Alphabet X
68%
Lettre de l'Alphabet J
67%
Lettre de l'Alphabet Y
62%
Lettre Bien Placée A
60%
Lettre Bien Placée N
58%
Lettre de l'Alphabet F
54%
Lettre de l'Alphabet Z
54%
Lettre de l'Alphabet Q
52%
Lettre Bien Placée D
51%
Capitale Mystère Luanda
50%
Aucun quiz correspondant
Distribution des résultats
% des personnes avec chaque résultat
Percentile par nombre de réponses
Votre historique - résultats
Vous n’avez pas pris ce quiz